| 000 | 00384nam a2200157Ia 4500 | ||
|---|---|---|---|
| 008 | 231217s9999 xx 000 0 und d | ||
| 041 | _aEnglish | ||
| 082 | _a001.6424C TON;2 | ||
| 100 | _aTondo, Clovis L Gimpel, Scott E | ||
| 245 | 4 | _aThe C answer book | |
| 250 | _a2nd ed. | ||
| 260 |
_c1981 _bNew Delhi : PHI, |
||
| 300 | _av+208 | ||
| 650 | _aC answer book | ||
| 942 | _cAA | ||
| 999 |
_c163951 _d163951 |
||